000 00434nam a2200205Ia 4500
001 004098
003 YMCAF
005 20230512160245.0
008 100717s1971 ||||||||||||||||| ||und|d
024 _a4098
035 _a4102
040 _aYMCAF
_beng
_cIN-KoLT
041 _aeng
082 _aQUE-HEY
100 _aHEYLLYER
245 0 _aQUESTIONS AND ANSWERS RADIO TELE.
260 _c1971
300 _a126
942 _2ddc
_cBK
999 _c3266
_d3266